Letter Maths Tricky Quiz Against The Clock - Statistics

General Stats
  • This quiz has been taken 287 times
  • The average score is 8 of 10
Answer Stats
Sum Answer % Correct
1 + 7 = 8
99%
10 + 8 = 8
99%
4+5 = 8
99%
27 - 13= 3
96%
20 - 2 = 3
96%
9 - 6 = 1
84%
11 + 10 = 9
58%
6 - 2 = 0
42%
9 - 4= 0
42%
8 x 2 = 15
40%
No matching quizzes found
Score Distribution
Percent of People with Each Score
Percentile by Number Answered
Your Score History
You have not taken this quiz